Film français : Le Gendarme et les Extra-Terrestres - Statistiques

Statistiques générales
  • Ce quiz a été pris 20 fois
  • Le résultat moyen est 11 sur 24
Statistiques - réponses
Questions Réponses % Correct
Acteur jouant le rôle du maréchal des logis-chef Ludovic Cruchot. Louis de Funès
100%
Station balnéaire de la Côte d'Azur où se déroule l'histoire. Saint-Tropez
89%
Acteur jouant le rôle de l'adjudant Antoine Gerber (jadis prénommé Jérôme). Michel Galabru
83%
Année de sortie du film. 1979
72%
Cascadeur non crédité ayant participé au film, surnommé le « Casse-cou du cinéma français ». Remy Julienne
67%
Réalisateur du film. Jean Girault
56%
Fable de Jean de La Fontaine que récita Beaupied à Cruchot puis que Cruchot écorcha à Gerber : "Si votre pot au lait ressemble à votre fromage...". Le Corbeau et le Renard
56%
Modèle de voiture utilisé par la brigade des gendarmes dans ce film. Citroën Mehari
44%
Compositeur de la bande originale du film. Raymond Lefebvre
44%
Actrice jouant le rôle de la Mère supérieure Clotilde. France Rumilly
39%
Acteur jouant le rôle du Colonel. Jacques François
39%
Prière catholique adressée à la sainte Vierge, chantée en latin par la chorale de la Mère Clothilde au sein de laquelle s'est incrusté Ludovic Cruchot déguisé en bonne sœur. La Salve Regina
39%
Acteur jouant le rôle du gendarme Henri Beaupied. Maurice Risch
39%
Village vers lequel Gerber envoie Cruchot et Beaupied en patrouille en prenant la route de Pampelonne. Village où est par ailleurs enterré Gérard Philipe. Ramatuelle
39%
Forme de communication de masse, dont le but est de fixer l'attention d'une audience cible. Selon le maire (Mario Perrin) de la commune où officient les gendarmes, il s'agit du "fléau des temps modernes". La publicité
33%
Épisode de la Première Guerre mondiale désignant une série de révoltes ayant eu lieu au sein des forces armées françaises au cours de l'année 1917 et que le Colonel rappela à Gerber après que Cruchot l'eut molesté. Les mutineries
33%
Pionnier de l'aviation, premier homme à avoir traversé la Manche en avion, à qui Jules Berlicot (Michel Modo) fait référence lorsqu'il met son képi à l'envers pour donner à la brigade un signe de reconnaissance face aux extra-terrestes. Louis Blériot
33%
Actrice jouant le rôle de Josépha Cruchot en remplacement de Claude Gensac retenue par d'autres engagements. Maria Mauban
33%
Grande île canadienne où selon la Mère supérieure Clotilde, "Sœur Marie Cruchote" (Cruchot) aurait pris froid en évangélisant les Esquimaux (en réalité, ces derniers n'ont jamais vécu sur cette île). Terre-Neuve
33%
Village voisin du précédent vers lequel Cruchot et Beaupied devaient poursuivre leur route. Il se situe à environ 8 bornes de leur gendarmerie. L'acteur cycliste André Pousse y décéda. Gassin
28%
Scénariste et dialoguiste du film. Jacques Vilfrid
28%
Prestigieuse station balnéaire bretonne où se rend Josépha Cruchot en vacances chez des amis. Perros-Guirec
28%
Compositeur de cette sonate (Sonate pour piano n°2, publiée en 1840) comprenant ce célèbre mouvement. Frédéric Chopin
22%
Célèbre mouvement de sonate que joue les gendarme en découvrant le corps rouillé d'un extra-terrestre. La Marche funèbre
22%
Aucun quiz correspondant
Distribution des résultats
% des personnes avec chaque résultat
Percentile par nombre de réponses
Votre historique - résultats
Vous n’avez pas pris ce quiz